Kabale University Library Catalogue

Experimental psychology / (Record no. 5887)

MARC details
000 -LEADER
fixed length control field 00810cam a2200241 a 4500
003 - CONTROL NUMBER IDENTIFIER
control field OSt
005 - DATE AND TIME OF LATEST TRANSACTION
control field 20260129105641.0
008 - FIXED-LENGTH DATA ELEMENTS--GENERAL INFORMATION
fixed length control field 920127s1993 caua b 001 0 eng
020 ## - INTERNATIONAL STANDARD BOOK NUMBER
International Standard Book Number 0534167586
Qualifying information acid-free, recycled paper
020 ## - INTERNATIONAL STANDARD BOOK NUMBER
International Standard Book Number 9780534167585
Qualifying information (acid-free, recycled paper)
040 ## - CATALOGING SOURCE
Original cataloging agency KABLIB
Transcribing agency KABLIB
Language of cataloging eng.
Description conventions rda
082 00 - DEWEY DECIMAL CLASSIFICATION NUMBER
Classification number 150.724
Edition number 23
Item number MYR
100 1# - MAIN ENTRY--PERSONAL NAME
Personal name Myers, Anne.
9 (RLIN) 14843
245 10 - TITLE STATEMENT
Title Experimental psychology /
Statement of responsibility, etc. Anne Myers, Christine H. Hansen.
250 ## - EDITION STATEMENT
Edition statement 3rd ed.
260 ## - PUBLICATION, DISTRIBUTION, ETC.
Place of publication, distribution, etc. Pacific Grove, CA :
Name of publisher, distributor, etc. Brooks/Cole Pub. Co.,
Date of publication, distribution, etc. c1993.
300 ## - PHYSICAL DESCRIPTION
Extent xviii, 508 p. :
Other physical details ill. ;
Dimensions 25 cm.
336 ## - CONTENT TYPE
Content type term text
Content type code txt
Source rdacontent
504 ## - BIBLIOGRAPHY, ETC. NOTE
Bibliography, etc. note Includes bibliographical references and index.
650 #0 - SUBJECT ADDED ENTRY--TOPICAL TERM
Topical term or geographic name entry element Psychology, Experimental.
9 (RLIN) 14844
700 1# - ADDED ENTRY--PERSONAL NAME
Personal name Hansen, Christine H.
9 (RLIN) 14845
942 ## - ADDED ENTRY ELEMENTS (KOHA)
Source of classification or shelving scheme Dewey Decimal Classification
Koha item type Book
Holdings
Withdrawn status Lost status Source of classification or shelving scheme Damaged status Not for loan Home library Current library Shelving location Date acquired Source of acquisition Total Checkouts Full call number Barcode Date last seen Price effective from Koha item type
    Dewey Decimal Classification     Education Library Education Library Open Access Section 29.01.2026 donation   150.724 MYR 14414 29.01.2026 29.01.2026 Book
    Dewey Decimal Classification     Education Library Education Library Open Access Section 29.01.2026 donation   150.724 MYR 14415 29.01.2026 29.01.2026 Book

Kabale University Library | Kabale University P.O Box 317, Kabale, Uganda
Tel : +256754017033, +256774661503 E-mail : library@kab.ac.ug